• 首页
  • 本馆介绍
  • 公告通知
  • 最新文献
  • 馆藏检索
  • 电子资源
  • 读者导购
  • 参考咨询
  • 我的图书馆
  • 登录
  • 详细信息显示
  • 放入我的书架
  • 预约/预借图书
  • 作者相关作品
  • 分类相关作品
  • 丛书相关作品
  • 出版社相关作品

书目信息

  • 表格格式
  • 工作单格式
  • 卡片格式
题名:
神童妙算
    
 
作者: ;今今教育组 编著
分册:  
出版信息: 北京   中国铁道出版社  2013.01
页数: 216页
开本: 22cm
丛书名:
单 册:
中图分类: O121.4-49
科图分类:
主题词: 速算--少年读物 , 速算
电子资源:
ISBN: 978-7-113-15744-9
000 00601nam0 2200217 450
001 5587
005 20181016133343.56
010    @a978-7-113-15744-9@dCNY39.00
100    @a20130717d2013 cemy0chiy50 ea
101 0  @achi
102    @aCN@b110000
105    @ay z 000yy
200 1  @a神童妙算@9shen tong miao suan@f今今教育组编著
210    @a北京@c中国铁道出版社@d2013.01
215    @a216页@d22cm@e1光盘
606 0  @a速算@j少年读物
606 0  @a速算
690    @aO121.4-49@v5
711 02 @a今今教育组@9jin jin jiao yu zu@4编著
801  0 @aCN@b91MARC@c20130904
905    @aMuseLib@dO121.4-49@e148
    
    神童妙算/今今教育组编著.-北京:中国铁道出版社,2013.01
    216页;22cm+1光盘
    
    
    ISBN 978-7-113-15744-9:CNY39.00
    
●
相关链接 在E读中查询图书 在五车中查询图书 在当当中查询图书 在豆瓣中查询图书


正题名:神童妙算     索取号:O121.4-49/148         预约/预借

序号 登录号 条形码 馆藏地/架位号 状态 备注
1 1130440   211304408   第二样本阅览室/ [索取号:O121.4-49/148] 在馆    
2 1130441   211304417   密集书库-生命科学系/ [索取号:O121.4-49/148] 在馆    
3 1130442   211304426   第三借阅区/ [索取号:O121.4-49/148] 在馆    
4 1130443   211304435   第三借阅区/ [索取号:O121.4-49/148] 在馆    
5 1130444   211304444   第三借阅区/ [索取号:O121.4-49/148] 在馆    
唐山师范学院图书馆 欢迎您!
大连网信软件有限公司© 版权所有